Úloha daní a iných príjmov samospráv v procese financovania miestnej samosprávy

Účasť miestnej samosprávy na stabilizácii verejného sektora a prerozdeľovaní zdrojov financovania investičných a bežných výdavkov samosprávy. V súvislosti s vynakladaním objemu daňových príjmov miestnej samosprávy je dôležité posúdiť, do akej miery môže, resp. by mala samospráva zasahovať do sadzieb...

Full description

Saved in:
Bibliographic Details
Main Author: Schultzová, Anna
Format: Book Chapter
Language:Slovak
Subjects:
Tags: Add Tag
No Tags, Be the first to tag this record!

MARC

LEADER 00000naa$a2200000$$$4500
001 0033608
005 20221207121612.0
041 0 |a slo 
044 |a SK 
245 1 0 |a Úloha daní a iných príjmov samospráv v procese financovania miestnej samosprávy  |c Anna Schultzová 
520 |a Účasť miestnej samosprávy na stabilizácii verejného sektora a prerozdeľovaní zdrojov financovania investičných a bežných výdavkov samosprávy. V súvislosti s vynakladaním objemu daňových príjmov miestnej samosprávy je dôležité posúdiť, do akej miery môže, resp. by mala samospráva zasahovať do sadzieb daní, ktoré tvoria významnú časť jej príjmovej časti rozpočtu. 
610 2 0 |a samospráva 
610 2 0 |a samospráva miestna 
610 2 0 |a politika fiškálna 
610 2 0 |a zdroje investičné 
610 2 0 |a zdroje finančné 
610 2 0 |a výdavky 
610 2 0 |a poplatky miestne 
610 2 0 |a dane miestne 
610 2 0 |a výnosy 
610 2 0 |a náklady 
610 2 0 |a financovanie 
100 1 |a Schultzová, Anna